I Should Have Kissed You - One Direction - All Lyrics - Statistics

General Stats
  • This quiz has been taken 48 times
  • The average score is 422 of 465
Answer Stats
Answer % Correct
I
100%
oh,
100%
(Oh)
100%
oh)
100%
ooh)
100%
should
100%
should,
100%
woah,
100%
yeah
100%
(Yeah)
100%
yeah,
100%
(Yeah,
100%
you
100%
you,
100%
have
97%
it
97%
kissed
97%
the
97%
to
97%
your
97%
a
94%
can
94%
do
94%
do?
94%
go
94%
heart
94%
in
94%
Is
94%
me
94%
me,
94%
that
94%
when,
94%
when
94%
When
94%
you're
94%
all
92%
I’m
92%
I'm
92%
my
92%
No,
92%
so
92%
then
92%
this
92%
about,
89%
about
89%
am
89%
Am
89%
feel
89%
How
89%
how
89%
It’s
89%
mind?
89%
now?
89%
of
89%
on
89%
we
89%
were
89%
what
89%
and
86%
And
86%
be
86%
can't
86%
confused,
86%
got
86%
If
86%
just
86%
look
86%
taken
86%
taken?
86%
tell
86%
think
86%
breaking?
83%
(Breaking,
83%
But
83%
else
83%
let
83%
out
83%
there
83%
there,
83%
away
81%
eyes,
81%
head,
81%
right
81%
see
81%
somebody
81%
'Cause
78%
could
78%
for
78%
gonna
78%
keep
78%
looking
78%
never
78%
said
78%
say
78%
time?
78%
time
78%
at
75%
inside
75%
sorry,
75%
walk
75%
weight
75%
believe
72%
Every
72%
every
72%
friends
72%
moment
72%
up
72%
dream
69%
had
69%
here
69%
playin'
69%
wasn't
69%
again
67%
close
67%
I'd
67%
saw
67%
should've
67%
always
64%
chance
61%
lie
61%
over
61%
scared
61%
looked
58%
lost
58%
convince
56%
dancin'
56%
myself
56%
stood
53%
way
53%
would've
53%
house,
50%
morning
50%
awake,
47%
feeling
47%
known
47%
leave
47%
replay,
44%
heartbeat
39%
punchin'
31%
No matching quizzes found
Score Distribution
Percent of People with Each Score
Percentile by Number Answered
Your Score History
You have not taken this quiz